Score 0/17 Timer 05:00
0 Plays Today
Ruler Nation % Correct
Elayne (formerly Morgase)Andor
95.5%
DarlinTear
78.2%
BerelainMayene
76.4%
Rand al'ThorIllian
75.9%
Elayne (formerly Colavaere)Cairhien
73.1%
CadsuaneTar Valon
68.7%
Faile **Saldaea
59.4%
Beslan*Altara
59%
AlliandreGhealdan
58.1%
Ruler Nation % Correct
EasarShienar
56.4%
AlsalamArad Doman
56%
Andric/AmatheraTarabon
55.7%
EthenielleKandor
52.7%
Ailron*Amadicia
49.8%
RoedranMurandy
46.8%
PaitarArafel
45.3%
13 Counsels/ Aleis- First CounselorFar Madding
43.1%
Remove Ads.
Support Sporcle.
Get the best of Sporcle when you Go Orange. This ad-free experience offers more features, more stats, and more fun while also helping to support Sporcle. Thank you for becoming a member.

You're not logged in!

Compare scores with friends on all Sporcle quizzes.
OR
Log In

Show Comments

Extras

Top Quizzes Today


Score Distribution

Your Account Isn't Verified!

In order to create a playlist on Sporcle, you need to verify the email address you used during registration. Go to your Sporcle Settings to finish the process.

Report this User

Report this user for behavior that violates our Community Guidelines.

Details: